| 000 | 00366nam a2200145 4500 | ||
|---|---|---|---|
| 008 | 190522s1990||||xo d | ||
| 100 | 1 |
_aBencík Antonín _91130 |
|
| 245 | 1 | 0 |
_aOsem mesiacov pražskej jari _b21.august 1968 |
| 260 |
_aMartin _c1990 _bOsveta |
||
| 250 | _a1.vydanie | ||
| 300 | _a293s. | ||
| 020 |
_a8021702044 _c0 |
||
| 041 | 1 | _aslo | |
| 044 |
_axo _cSK |
||
| 999 |
_c22431 _d22431 |
||